| 000 | 00981nac a22002291u 4500 | ||
|---|---|---|---|
| 010 | _a 2006934616 | ||
| 020 | _a9783540245247 (hc : alk. paper) | ||
| 020 | _a3540245243 (hc : alk. paper) | ||
| 082 | 0 | 0 |
_a004.62 _bSTO |
| 090 |
_c8761 _d8761 |
||
| 100 | _aStockebrand, Benedikt. | ||
| 245 | 1 | 0 |
_aIPv6 in practice : a Unixer's guide to the next generation Internet / _ba Unixer's guide to the next generation Internet / _cBenedikt Stockebrand. |
| 260 |
_aNew York : _bSpringer,2007. _cc2007. |
||
| 300 |
_axxiv, 390 p. : _bill. ; _c25 cm. |
||
| 500 | _aDistributer: Bacca | ||
| 504 | _aIncludes bibliographical references and index. | ||
| 511 | _aCatalogued by: Sara | ||
| 650 | _aComputer networks | ||
| 856 | 4 | 2 |
_3Publisher description _uhttp://www.loc.gov/catdir/enhancements/fy0824/2006934616-d.html |
| 856 | 4 | 2 |
_3Table of contents only _uhttp://www.loc.gov/catdir/enhancements/fy0824/2006934616-t.html |
| 942 |
_cBB _k004.62STO |
||
| 999 |
_c8761 _d8761 |
||